000 00668nam a2200181Ia 4500
008 151018s9999 xx 000 0 und d
082 _bRBASDV27628
_a891.463
100 _aदिनकर नीलकंठ देशपांडे
245 _aगप्पिदासाचे गांव
250 _b1
260 _bवैदेही
_c1993
300 _a32
600 _aदिनकर नीलकंठ देशपांडे
630 _aगप्पिदासाचे गांव
700 _aदिनकर नीलकंठ देशपांडे
730 _aगप्पिदासाचे गांव
942 _cBOOK
999 _c1027217
_d1027214